Meeting the challenge of rural poverty in SADC countries (Record no. 50962)

MARC details
000 -LEADER
fixed length control field 00511nam a2200133 a 4500
008 - FIXED-LENGTH DATA ELEMENTS--GENERAL INFORMATION
fixed length control field 120416s1996 ||||||||||||||||| || u
050 ## - LIBRARY OF CONGRESS CALL NUMBER
Classification number SADC(02)
245 10 - TITLE STATEMENT
Title Meeting the challenge of rural poverty in SADC countries
246 ## - VARYING FORM OF TITLE
Title proper/short title policy issues and options for SADC decision-makers. vol.2
260 ## - PUBLICATION, DISTRIBUTION, ETC.
Place of publication, distribution, etc. Rome
Name of publisher, distributor, etc. IFAD
Date of publication, distribution, etc. 1996
300 ## - PHYSICAL DESCRIPTION
Extent iv, 192p. : ill.
350 ## - PRICE (NR) (BK AM CF MU VM SE) [OBSOLETE]
Price 0.00
995 ## - RECOMMENDATION 995 [LOCAL, UNIMARC FRANCE]
-- 0.00
-- CBU-MAIN LIBRARY (Kitwe)
-- 1
-- 0.00
-- AVAILABLE
-- International Publications
Holdings
Withdrawn status Lost status Source of classification or shelving scheme Damaged status Not for loan Home library Current library Shelving location Date acquired Total Checkouts Full call number Barcode Date last seen Price effective from Koha item type
          CBU-MAIN LIBRARY, KITWE. CBU-MAIN LIBRARY, KITWE.   11/30/2022   SADC(02) 9003703 11/30/2022 11/30/2022 MONOGRAPH